000 00389nam a22001457a 4500
003 MACL
005 20200717160153.0
008 200717b xxu||||| |||| 00| 0 eng d
040 _c MACL
100 _aPathak , Dharmendra
_979089
245 _aCareer Scope in Beauty Wellness and Healthcare
260 _aDelhi
_bAradhana Pub
_c2018
650 _aGeneral
_979090
942 _2ddc
_cBK
999 _c62716
_d62716